Statistics for 30 Difficult Pokemon Trivia

Click here to take the quiz!

General Stats

  • This quiz has been taken 11,433 times
    (9,437 since last reset)
  • The average score is 7 of 30

Answer Stats

QuestionAnswer% Correct
The only type not represented by a Gym LeaderDark
75%
The largest pokémonWailord (47'07'', 14.5m)
59%
The minimum number of enemy wild pokémon needed to know the type of Hidden Power (not taking in account Protean/Color Change)3
56%
The heaviest pokémonGroudon (2094.4lbs - 950.0kg), soon Primal Groudon (2204.4lbs - 999.7kg)
47%
The lightest pokémon (three possible answers)Gastly / Haunter / Flabébé (0.2lbs - 0.1kg)
44%
The minimum level at which Gallade is obtenaible6
43%
The smallest pokémon (two possible answers)Joltik / Flabébé (0'04'', 0.1m)
39%
How many different not fully evolved pokémon (in their respective generation) you can find fighting the Elite Four7 (I gen: Haunter, Dragonair; II gen: Onix; III gen: Sealeo, Shelgon, Golbat; IV gen: Murkrow)
35%
The wild pokémon that can be found at the highest levelMagikarp (100)
34%
The pokémon with the fewest total base statsSunkern (180)
31%
The only non-Ice-type pokémon used by LoreleiSlowbro
28%
The first pokémon (in pokédex order) whose name contains another pokémon namePidgeotto
24%
A third-stage pokémon that can be obtained at the lowest levelPorygon-Z (trade a hatched Porygon), Roserade (breed roselia without incense and use the stone)
24%
The only fire pokémon that learn Powder SnowCastform (Sunny Form)
23%
The legendary pokémon that doesn't learn ProtectionRegigigas
20%
The move known by most pokémon (excluding struggle)Hidden Power (701)
19%
The very first pokemon having a 4x poison weaknessParas (in gen 1 poison was supereffective vs bug)
17%
The only non-legendary genderless pokémon that can learn AttractCryogonal
16%
The only pokémon that can have both Vital Spirit and InsomniaDelibird
12%
Besides Shedinja, the pokémon with the fewest base HPDiglett (10)
11%
The only pokémon that gain STAB with Explosion (excluding Smeargle)Lickilicky
11%
The base pokémon with most resistances and immunitiesMagnemite (12: immune to Poison, resistant to Normal, Flying, Rock, Bug, Steel, Grass, Electric, Psychic, Ice, Dragon, Fairy)
10%
The only V-generation pokémon that doesn't learn TMTynamo
10%
The first legendary Kalos-born pokemon obtenaible in its shiny form (in temporal order from XY release)Phione
8%
The only wild pokémon that can hold a Light ClayGolett (and Golurk in BW2 and XY)
7%
The move known by fewest pokémon (excluding Sketch)Chatter
6%
The pokémon that gains most weaknesses upon evolutionEevee (evolving to Leafeon: gains Fire, Flying, Bug, Ice, Poison)
6%
The only mono-type pokémon that can learn AcupressureMaractus
6%
The Dark type move with the highest base powerFling with Iron Ball (130)
4%
The evolved pokémon with the highest cath rateWatchog (255)
3%

Score Distribution

Percentile by Number Answered

Percent of People with Each Score

Your Score History

You have not taken this quiz since the last reset